Văn hóa dân gian Hòa Vang

Trình bày khái quát về lịch sử hình thành và phát triển huyện Hoà Vang tỉnh Quảng Nam. Tìm hiểu sinh hoạt thường ngày, lễ hội, văn học dân gian, văn nghệ dân gian của người dân nơi đây

Spremljeno u:
Bibliografski detalji
Glavni autor: Võ Văn Hòe
Format: Knjiga
Jezik:Vietnamese
Izdano: H. Dân trí 2012
Teme:
Oznake: Dodaj oznaku
Bez oznaka, Budi prvi tko označuje ovaj zapis!
Thư viện lưu trữ: Mạng thư viện Đại học Đà Nẵng
LEADER 01490aam a22003858a 4500
001 000018040
003 14467
005 20130827080803.0
008 130827s2012 viesd
020 |d 2000b 
041 0 |a vie 
082 1 4 |2 14  |a 390.0959752  |b VO-H 
100 1 |a Võ Văn Hòe 
245 1 0 |a Văn hóa dân gian Hòa Vang  |c Võ Văn Hoè 
260 |a H.  |b Dân trí  |c 2012 
300 |a 792 tr.  |b ảnh  |c 21 cm. 
500 |a ĐTTS ghi: Hội Văn nghệ dân gian Việt Nam 
504 |a Phụ lục: tr. 721-786 
520 |a Trình bày khái quát về lịch sử hình thành và phát triển huyện Hoà Vang tỉnh Quảng Nam. Tìm hiểu sinh hoạt thường ngày, lễ hội, văn học dân gian, văn nghệ dân gian của người dân nơi đây 
650 0 4 |a Văn hóa dân gian  |x Nghiên cứu  |z Hòa Vang - Đà Nẵng 
650 7 |2 Bộ TK TVQG 
650 7 |2 Bộ TK TVQG 
650 7 |2 Bộ TK TVQG 
651 7 |2 Bộ TK TVQG  |a Hoà Vang 
651 7 |2 Bộ TK TVQG  |a Quảng Nam 
OWN |a LSP 
AVA |a UDN50  |b LSP  |d 390.0959752 VO-H  |e available  |t Error 5001 Not defined in file expand_doc_bib_avail.  |f 1  |g 0  |h N  |i 0  |k 1 
999 |a From the UDN01 
AVA |a UDN50  |b LSP  |d 390.0959752 VO-H  |e available  |t Error 5001 Not defined in file expand_doc_bib_avail.  |f 1  |g 0  |h N  |i 0  |k 1 
TYP |a Monograph 
TYP |a Printed language 
980 |a Mạng thư viện Đại học Đà Nẵng